1958 1707 1704 1375 1164 1368 1415 1840 1705 1998 1802 1762 1119 1453 1407 1603 1904 1693 1125 1020 1069 1161 1926 1327 1364 1338 1835 1910 1841 1078 1771 1613 1991 1282 1372 1406 1692 1926 1569 1247 1578 1098 1686 1367 1369 1775 1126 1815 1692 1233 1399 1505 1207 1710 1683 1709 1543 1674 1814 1755 1486 1323 1916 1730 1234 1672 1603 1726 1607 1585 1392 1551 1100 1163 1265 1097 1447 1363 1558 1970 1056 1426 1818 1469 1586 1715 1348 1913 1490 1362 1994 1505 1880 1803 1962 1230 1414 1677 1808 BCNSPRNW ULIB Ver.6.0+V

เปลี่ยนเป็นภาษาไทย

Change to English
 แสดงรายละเอียดบรรณานุกรม
  กลับหน้าหลัก

Brief Record : Get Marc (ISO 2709) : E-mail record : QR code < ปิดหน้าต่าง
LEADER : 00000nam 2200000uu 4500
001    13399112249
003     ULIB
008    110802s2554||||th 000 0 tha d
020    9786165001502
090    นว.^bอ334ล 2554
100 0  อรพิม
245 00 เล่ห์ร้อยรัก/^cอรพิม
260    กรุงเทพฯ:^bพิมพ์คำ,^c2554.
300    483 หน้า
945    ^p280^l0^i18467
995    เกษร
999 ^a ใช้งานได้ทุกระบบ
รายการนี้ยังไม่มีแท็ก
คุณยังไม่ได้ล็อกอิน คุณสามารถมีกิจกรรมร่วมกับเว็บไซต์ได้ แต่ต้องล็อกอินก่อน ::
  ล็อกอิน

รายการสื่อสารสนเทศ

ลำดับที่ ประเภท เลขเรียก/บาร์โค้ด สถานที่ สถานะ
1. นวนิยาย
นวนิยาย
นว. อ334ล 2554  
  Barcode: 18467
ห้องสมุดวิทยาเขตสวรรค์ประชารักษ์
►นวนิยาย
บนชั้น
  ขอยืม

รายการใกล้เคียง
    ผู้แต่ง [อรพิม]

BibComment


ยังไม่เคยถูกคอมเมนท์

คอมเมนท์ทรัพยากรรายการนี้
  คอมเมนท์: เล่ห์ร้อยรัก อรพิม


 Copyright 2026. Bcnsprnw @Library